Normal view
MARC view
Entry Personal Name
001 - CONTROL NUMBER
- control field: 52904
003 - CONTROL NUMBER IDENTIFIER
- control field: OSt
005 - DATE AND TIME OF LATEST TRANSACTION
- control field: 20160420140000.0
008 - FIXED-LENGTH DATA ELEMENTS
- fixed length control field: 160420|| aca||aabn | a|a d
040 ## - CATALOGING SOURCE
- Original cataloging agency: OSt
- Transcribing agency: OSt
100 ## - HEADING--PERSONAL NAME
- Personal name: पंडित वा. ना
670 ## - SOURCE DATA FOUND
- Source citation: Work cat.: (OSt)21547: पंडित वा. ना , वेदस्तुति दीपिका , 1995









